000
00271nam a2200109Ia 4500
001
1275924
005
20260417160437.0
008
260417s9999 xx 000 0 und d
020
_a
9786257587174
245
0
_a
Bir Dedenin Kalbi
_c
Irena Trevisan
260
_b
Ketebe Çocuk
999
_c
1275924
_d
1275924